[Event "Graz op A"]
[Site "Graz"]
[Date "2001.09.05"]
[Round "5.21"]
[White "Hansen, Kay"]
[Black "Jahrer, Michael"]
[Result "1/2-1/2"]
[WhiteElo "2236"]
[BlackElo "2113"]
[PlyCount "64"]


1. d4 Nf6 2. Bg5 Ne4 3. Bh4 c5 4. f3 g5 5. fxe4 gxh4 6. e3 Bh6 7. Bc4 Qb6 8. b3
Bxe3 9. Qf3 Bxd4 10. Bxf7+ Kd8 11. c3 Be5 12. Ne2 Qf6 13. Qh5 Nc6 14. Rf1 Qg7
15. Bd5 Bxh2 16. Qxh4 Bd6 17. Na3 Qxg2 18. Rf2 Ne5 19. O-O-O Ng6 20. Rxg2 Nxh4
21. Rg4 Ng6 22. Nc4 Bc7 23. Rh1 23... Nf8 { } 24. Rg8 Rxg8 25. Bxg8 b5 26. Rf1
Ne6 27. Bxe6 dxe6 28. Nd2 Bb7 29. Rh1 Kd7 30. Rxh7 Rg8 31. Kc2 Rg4 32. Kd3 a6
1/2-1/2

[Event "Graz op A"]
[Site "Graz"]
[Date "2001.09.05"]
[Round "5.22"]
[White "Krebs, Johann"]
[Black "Peisser, Manfred"]
[Result "1/2-1/2"]
[WhiteElo "2208"]
[BlackElo "2113"]
[PlyCount "64"]


1. d4 d5 2. c4 e6 3. Nf3 Nf6 4. Bg5 Be7 5. Nc3 O-O 6. e3 h6 7. Bh4 Ne4 8. Bxe7
Qxe7 9. cxd5 Nxc3 10. bxc3 exd5 11. Qb3 Rd8 12. c4 dxc4 13. Bxc4 Nc6 14. Qc3
Bg4 15. O-O Bxf3 16. gxf3 Qf6 17. Be2 Re8 18. Bd1 Red8 19. Kh1 Rd6 20. Rg1 Rc8
21. f4 Nd8 22. Bf3 c5 23. Rac1 b6 24. Rgd1 Ne6 25. d5 Qxc3 26. Rxc3 Nc7 27. e4
Nb5 28. Rc4 Rdd8 29. e5 Nd4 30. Kg2 b5 31. Rcxd4 cxd4 32. Rxd4 32... Rc4 { }
1/2-1/2

[Event "Graz op A"]
[Site "Graz"]
[Date "2001.09.05"]
[Round "5.23"]
[White "Huber, Adolf"]
[Black "Raffalt, Manfred"]
[Result "0-1"]
[WhiteElo "2050"]
[BlackElo "2171"]
[PlyCount "38"]


1. e4 g6 2. d4 Bg7 3. Be2 c6 4. Nf3 d5 5. exd5 cxd5 6. O-O Nc6 7. Be3 Nh6 8. c3
O-O 9. Ne5 Nf5 10. Bf4 f6 11. Nxc6 bxc6 12. g4 Nd6 13. Nd2 e5 14. Bg3 exd4 15.
cxd4 f5 16. Be5 fxg4 17. Bxg4 Bxe5 18. dxe5 { } 18... Qg5 19. exd6 Bxg4 0-1

[Event "Graz op A"]
[Site "Graz"]
[Date "2001.09.05"]
[Round "5.24"]
[White "Bozinovic, Boban"]
[Black "Sulyok, Michael"]
[Result "1/2-1/2"]
[WhiteElo "2099"]
[BlackElo "2278"]
[PlyCount "151"]


1. e4 g6 2. d4 Bg7 3. Nc3 d6 4. f4 a6 5. Nf3 b5 6. Be3 Nd7 7. a3 Bb7 8. Be2 c5
9. d5 Ngf6 10. Nd2 O-O 11. O-O Qc7 12. Bf3 e6 13. Nb3 exd5 14. Nxd5 Nxd5 15.
exd5 Bxb2 16. f5 Rfe8 17. Bh6 Nf6 18. Rb1 Be5 19. Qd2 c4 20. Nc1 Bxd5 21. fxg6
hxg6 22. Ne2 Bxf3 23. gxf3 c3 24. Qd3 Qc5+ 25. Kg2 Qd5 26. Rbd1 Qxd3 27. Rxd3
Nd7 28. f4 Bg7 29. Bxg7 Rxe2+ 30. Kf3 Rxc2 31. Bxc3 Nc5 32. Re3 f5 33. h4 Ne4
34. Be1 Rh2 35. Rg1 Kf7 36. Rg2 Rxg2 37. Kxg2 Rc8 38. Kf3 Rc4 39. Rd3 Ke6 40.
Bb4 d5 41. Ke3 Nd6 42. Rd1 Re4+ 43. Kf3 Nc4 44. Rg1 Kf7 45. Rd1 Re3+ 46. Kf2
Rb3 47. Rxd5 Nxa3 48. Rd7+ Ke8 49. Re7+ Kd8 50. Bc5 Rc3 51. Bb4 { 
} 51... Rc4
52. Bxa3 b4 53. Bxb4 Rxf4+ 54. Kg3 Rxb4 55. Ra7 Ra4 56. Kh3 Ke8 57. Rg7 Rg4 58.
Ra7 Kf8 59. Rxa6 Kg7 60. Rc6 Rd4 61. Rc3 Kh6 62. Rc8 Rd3+ 63. Kg2 Kh5 64. Rh8+
Kg4 65. h5 Rd2+ 66. Kf1 gxh5 67. Rg8+ Kf3 68. Kg1 Rd4 69. Rh8 h4 70. Rh5 Kg4
71. Rh8 f4 72. Rg8+ Kh3 73. Kf2 Rd3 74. Rf8 Rd4 75. Rg8 Ra4 76. Rg7 1/2-1/2

[Event "Graz op A"]
[Site "Graz"]
[Date "2001.09.05"]
[Round "5.27"]
[White "Karner, Christoph"]
[Black "Teuschler, Hugo"]
[Result "1-0"]
[WhiteElo "2240"]
[BlackElo "2108"]
[PlyCount "35"]


1. d4 d5 2. c4 c6 3. Nf3 Nf6 4. Nc3 dxc4 5. a4 Bf5 6. e3 e6 7. a5 Be7 8. Bxc4
O-O 9. O-O Nbd7 10. Qe2 Bb4 11. e4 Bg6 12. Bg5 Qc7 13. e5 Nd5 14. Bxd5 cxd5 15.
Rfc1 15... Rac8 { } 16. Nxd5 Qxc1+ 17. Bxc1 exd5 18. Qb5 1-0

[Event "Graz op A"]
[Site "Graz"]
[Date "2001.09.05"]
[Round "5.28"]
[White "Wegerer, Fred"]
[Black "Schrey, Stefan"]
[Result "1-0"]
[WhiteElo "2230"]
[BlackElo "2096"]
[PlyCount "77"]


1. Nf3 Nf6 2. d4 e6 3. Nbd2 d5 4. e3 Be7 5. Bd3 O-O 6. O-O Nbd7 7. c4 c6 8. Qc2
Re8 9. b3 Qc7 10. Bb2 Bd6 11. Rac1 h6 12. h3 e5 13. cxd5 Nxd5 14. Nc4 Nb4 15.
Bh7+ Kh8 16. Qb1 exd4 17. Bxd4 Bf8 18. a3 Nd5 19. Bc2 b5 20. Ncd2 c5 21. Ba1
Bb7 22. Qb2 N5f6 23. Qc3 Rac8 24. Bf5 Rcd8 25. Rfd1 Qc6 26. e4 a6 27. Re1 Nb6
28. Nf1 Nxe4 29. Qc2 Ng5 30. N1h2 Rxe1+ 31. Rxe1 c4 32. h4 Nxf3+ 33. Nxf3 Bxa3
34. Be4 Qd7 35. Bf5 Qd6 36. Qe2 cxb3 37. Be5 Qd5 38. Qe3 38... Bc5 { } 39.
Qxh6+ 1-0

[Event "Graz op A"]
[Site "Graz"]
[Date "2001.09.05"]
[Round "5.29"]
[White "Perhinig, Robert"]
[Black "Spirk, Stefan"]
[Result "1-0"]
[WhiteElo "2190"]
[BlackElo "2080"]
[PlyCount "120"]


1. d4 Nf6 2. c4 g6 3. Nc3 d5 4. cxd5 Nxd5 5. e4 Nxc3 6. bxc3 Bg7 7. Bc4 O-O 8.
Ne2 c5 9. O-O Nc6 10. Be3 Bg4 11. f3 Bd7 12. Rb1 cxd4 13. cxd4 Rc8 14. Qd3 e5
15. d5 Na5 16. Bb5 Bxb5 17. Rxb5 b6 18. Rbb1 Nc4 19. Rfc1 Nxe3 20. Qxe3 Qd7 21.
g3 h5 22. Kg2 Rxc1 23. Rxc1 Rc8 24. Rxc8+ Qxc8 25. Qd3 Bf8 26. Nc3 a6 27. Nd1
b5 28. Qc3 Qxc3 29. Nxc3 Bd6 30. Kf2 Kf8 31. Ke3 Ke7 32. Kd3 Kd7 33. a4 b4 34.
Na2 a5 35. Kc4 Bc7 36. Kb5 Kd6 37. Nc1 Bd8 38. Nd3 f5 39. Nb2 fxe4 40. fxe4 Kd7
41. Nc4 Bc7 42. Kc5 42... b3 { } 43. Nb2 g5 44. h3 g4 45. hxg4 hxg4 46. Kc4 Kd6
47. Kxb3 Kc5 48. Kc3 Bb6 49. Nc4 Bd8 50. Ne3 Be7 51. Nxg4 Bg5 52. Nf2 Be3 53.
Nd3+ Kd6 54. Kc4 Bd4 55. Kb5 Bc3 56. g4 Bd2 57. Nb2 Bc3 58. Nc4+ Ke7 59. Nxa5
Kf6 60. Nc4 Kg5 1-0

[Event "Graz op A"]
[Site "Graz"]
[Date "2001.09.05"]
[Round "5.31"]
[White "Hatzl, Stefan"]
[Black "Senoner, Erich Jun"]
[Result "0-1"]
[WhiteElo "2119"]
[BlackElo "2128"]
[PlyCount "102"]


1. e4 e5 2. Nf3 Nf6 3. Bc4 d5 4. exd5 e4 5. Qe2 Bd6 6. d3 O-O 7. dxe4 Nxe4 8.
Be3 Nd7 9. Nbd2 Nxd2 10. Qxd2 Ne5 11. Nxe5 Bxe5 12. c3 Bf5 13. O-O { } 13...
Bxh2+ 14. Kxh2 Qh4+ 15. Kg1 Qxc4 16. b3 Qg4 17. c4 h5 18. Qd4 Qg6 19. Qf4 Rfc8
20. Rfe1 b5 21. Bd4 bxc4 22. Re5 c5 23. dxc6 Rd8 24. Bb2 c3 25. Bxc3 Qxc6 26.
Ba5 Be6 27. Bxd8 Rxd8 28. Rc1 Qd6 29. Qe3 h4 30. Rec5 h3 31. gxh3 Qa6 32. Qg5
Rd3 33. h4 Rd4 34. f3 Qb7 35. R5c3 Rd5 36. Qg3 Qe7 37. Re3 Rd8 38. Rce1 Qc5 39.
Qg5 Qb6 40. Kg2 Rd2+ 41. R1e2 Rd5 42. Qe7 Qd4 43. Re4 Qd1 44. Qxa7 Kh7 45. Re1
Rd2+ 46. Kg3 Qc2 47. Qg1 Qc7+ 48. f4 Qc3+ 49. R4e3 Qc2 50. Qf1 Qg6+ 51. Kf3
Bg4+ 0-1

[Event "Graz op A"]
[Site "Graz"]
[Date "2001.09.06"]
[Round "6.1"]
[White "Burmakin, Vladimir"]
[Black "Pavasovic, Dusko"]
[Result "1/2-1/2"]
[WhiteElo "2593"]
[BlackElo "2539"]
[PlyCount "62"]


1. d4 d5 2. Nf3 c6 3. c4 e6 4. Nbd2 f5 5. g3 Nf6 6. Bg2 Bd6 7. O-O Nbd7 8. Qc2
O-O 9. Ne1 Qe7 10. Nd3 b6 11. Nf3 Bb7 12. Bf4 c5 13. cxd5 Bxd5 14. dxc5 Nxc5
15. Bxd6 Qxd6 16. Nxc5 { } 16... Rac8 17. Rfc1 Rxc5 18. Qd1 Rfc8 19. Rxc5 Qxc5
20. Ne1 Bxg2 21. Kxg2 Nd5 22. Kg1 Qc4 23. Nd3 Qe4 24. Rc1 Rxc1 25. Nxc1 Qb1 26.
Qd2 a5 27. a3 b5 28. Kg2 Qe4+ 29. Kg1 Qb1 30. Kg2 Qe4+ 31. Kg1 Qb1 1/2-1/2

[Event "Graz op A"]
[Site "Graz"]
[Date "2001.09.06"]
[Round "6.2"]
[White "Zelcic, Robert"]
[Black "Farago, Ivan"]
[Result "1/2-1/2"]
[WhiteElo "2534"]
[BlackElo "2504"]
[PlyCount "80"]


1. e4 e6 2. d4 d5 3. Nc3 Bb4 4. e5 Ne7 5. Nf3 c5 6. dxc5 Nd7 7. Bd3 Nc6 8. O-O
Ndxe5 9. Nxe5 Nxe5 10. Bf4 Nxd3 11. Qxd3 O-O 12. Bd6 Re8 13. Nb5 Ba5 14. Qg3
Bd7 15. a4 a6 16. Nc7 Bxc7 17. Bxc7 Qe7 18. Bd6 Qd8 19. f4 f6 20. Qf2 Bc6 21.
Ra3 b6 22. b4 bxc5 23. bxc5 Qd7 24. Qd4 Ra7 25. Rb1 { } 25... e5 26. fxe5 fxe5
27. Qf2 Qe6 28. Rf3 Rf7 29. Rxf7 Qxf7 30. a5 Qxf2+ 31. Kxf2 Bb5 32. Re1 d4 33.
Bxe5 Ba4 34. Re2 Bb5 35. Re4 Bc6 36. Re2 Bb5 37. Re1 Ba4 38. Ra1 Rxe5 39. Rxa4
Rxc5 40. Ra2 Re5 1/2-1/2

[Event "Graz op A"]
[Site "Graz"]
[Date "2001.09.06"]
[Round "6.3"]
[White "Teske, Henrik"]
[Black "Stanec, Nikolaus"]
[Result "1/2-1/2"]
[WhiteElo "2486"]
[BlackElo "2530"]
[PlyCount "26"]


1. Nf3 Nf6 2. c4 g6 3. Nc3 Bg7 4. e4 c5 5. d4 cxd4 6. Nxd4 d6 7. Be2 O-O 8. O-O
Nc6 9. Be3 Bd7 10. Qd2 Nxd4 11. Bxd4 Bc6 12. f3 Nd7 13. Be3 a5 1/2-1/2

[Event "Graz op A"]
[Site "Graz"]
[Date "2001.09.06"]
[Round "6.5"]
[White "Polak, Tomas"]
[Black "Eingorn, Vereslav"]
[Result "1/2-1/2"]
[WhiteElo "2481"]
[BlackElo "2598"]
[PlyCount "21"]


1. d4 Nf6 2. c4 e6 3. Nf3 b6 4. g3 Ba6 5. b3 Bb7 6. Bg2 Bb4+ 7. Bd2 a5 8. O-O
d6 9. a3 Bxd2 10. Nbxd2 Nbd7 11. Qc2 1/2-1/2

[Event "Graz op A"]
[Site "Graz"]
[Date "2001.09.06"]
[Round "6.6"]
[White "Aschenbrenner, Robert"]
[Black "Epishin, Vladimir"]
[Result "0-1"]
[WhiteElo "2221"]
[BlackElo "2583"]
[PlyCount "106"]


1. e4 c5 2. c3 b6 3. d4 Bb7 4. Bd3 e6 5. Nf3 Nf6 6. Qe2 Be7 7. O-O d5 8. e5
Nfd7 9. a3 Nc6 10. Be3 a6 11. Ne1 O-O 12. f4 f5 13. Nd2 b5 14. Kh1 cxd4 15.
cxd4 Nb6 16. b3 Rc8 17. Rf3 Qe8 18. Rh3 Nd8 19. Bf2 Nf7 20. g4 Nc4 21. gxf5
exf5 22. Bxf5 Ng5 23. Bxc8 Bxc8 24. fxg5 Nxd2 25. Re3 Ne4 26. Bh4 h6 27. Ng2
hxg5 28. Bg3 Bf5 29. b4 g4 30. Rf1 Bg5 31. Bf4 Bd8 32. Bg3 Bb6 33. Rd1 Qc6 34.
Qe1 { } 34... Qc4 35. Red3 Nf2+ 36. Bxf2 Bxd3 37. e6 Be4 38. Kg1 Qc8 39. e7 Re8
40. Bh4 Qf5 41. Qe3 Qf3 42. Qxf3 gxf3 43. Ne3 Kf7 44. Ng4 Kg6 45. h3 Kf5 46.
Ne3+ Kg6 47. Ng4 Kh5 48. Bf6 Bf5 49. Kf2 Bxg4 50. hxg4+ Kxg4 51. Be5 Rxe7 52.
Rg1+ Kf5 53. Re1 g5 0-1

[Event "Graz op A"]
[Site "Graz"]
[Date "2001.09.06"]
[Round "6.7"]
[White "Spiesberger, Gerhard"]
[Black "Galdunts, Sergey"]
[Result "0-1"]
[WhiteElo "2042"]
[BlackElo "2514"]
[PlyCount "32"]


1. e4 g6 2. Bc4 Bg7 3. Nc3 c5 4. Nf3 Nc6 5. O-O d6 6. d3 Nf6 7. Bg5 h6 8. Bxf6
Bxf6 9. Bb5 O-O 10. Qd2 Bg7 11. Rab1 Rb8 12. Ne2 Bg4 13. Bc4 Bxf3 14. gxf3 Ne5
15. Qe3 Qd7 16. Ng3 { } 16... b5 0-1

[Event "Graz op A"]
[Site "Graz"]
[Date "2001.09.06"]
[Round "6.8"]
[White "Krivoshey, Sergei"]
[Black "Bogdanov, Valentin"]
[Result "1-0"]
[WhiteElo "2449"]
[BlackElo "2384"]
[PlyCount "55"]


1. d4 e6 2. c4 Bb4+ 3. Bd2 a5 4. g3 d5 5. Nf3 dxc4 6. Bg2 Nc6 7. e3 Nf6 8. O-O
O-O 9. Qc2 Bxd2 10. Nbxd2 b5 11. Ne5 Nb4 12. Qb1 Ra6 13. Rc1 c5 14. a3 Nbd5 15.
a4 b4 16. Rxc4 cxd4 17. Rxd4 Qe7 18. Ndc4 Bb7 19. Qd3 Raa8 20. Rd1 Ba6 21. g4
Rac8 22. g5 Bxc4 23. Nxc4 Nd7 24. Rh4 g6 25. Bxd5 Nc5 26. Qd4 exd5 27. Ne5 h5 {
} 28. Ng4 1-0

[Event "Graz op A"]
[Site "Graz"]
[Date "2001.09.06"]
[Round "6.9"]
[White "Stuhlik, Marko"]
[Black "Okhotnik, Vladimir"]
[Result "0-1"]
[WhiteElo "2246"]
[BlackElo "2446"]
[PlyCount "92"]


1. g3 g6 2. Bg2 Bg7 3. d4 c5 4. dxc5 Na6 5. Nf3 Nxc5 6. c4 b6 7. O-O Bb7 8. Nc3
Nf6 9. Nd5 e6 10. Nxf6+ Bxf6 11. Be3 O-O 12. Bd4 d5 13. cxd5 Bxd5 14. Bxf6 Qxf6
15. Qd4 Kg7 16. Rfd1 Rfd8 17. Qxf6+ Kxf6 18. Rd4 Ke7 19. Rb4 Rac8 20. Ne1 Bxg2
21. Kxg2 Rd2 22. Kf1 Rcd8 23. a4 Rd1 24. Rxd1 Rxd1 25. a5 Na6 26. Rb5 Nc7 27.
Rb3 b5 28. g4 a6 29. Rh3 Rb1 30. Rxh7 b4 31. h4 { } 31... b3 32. h5 gxh5 33. g5
Kf8 34. g6 Nb5 35. Rxf7+ Kg8 36. Re7 Nd4 37. Rb7 Nc2 38. Rxb3 Rxe1+ 39. Kg2
Rxe2 40. Rb6 Nd4 41. Rd6 e5 42. b4 Rb2 43. Rxa6 Rxb4 44. Rd6 Kg7 45. a6 Nf5 46.
Re6 Nh4+ 0-1

[Event "Graz op A"]
[Site "Graz"]
[Date "2001.09.06"]
[Round "6.10"]
[White "Tratar, Marko"]
[Black "Niklasch, Oliver"]
[Result "1-0"]
[WhiteElo "2416"]
[BlackElo "2349"]
[PlyCount "37"]


1. d4 Nf6 2. Nf3 e6 3. c4 b6 4. g3 Ba6 5. b3 Bb4+ 6. Bd2 Be7 7. Bg2 c6 8. O-O
O-O 9. Qc2 d5 10. Rd1 Nbd7 11. Bf4 Rc8 12. Nc3 c5 13. e4 cxd4 { } 14. exd5
14... Nxd5 15. Nxd5 exd5 16. Nxd4 Nf6 17. Nf5 Re8 18. Qb2 Bb7 19. Bxd5 1-0

[Event "Graz op A"]
[Site "Graz"]
[Date "2001.09.06"]
[Round "6.11"]
[White "Raffalt, Manfred"]
[Black "Titz, Heimo"]
[Result "1/2-1/2"]
[WhiteElo "2171"]
[BlackElo "2282"]
[PlyCount "75"]


1. d4 Nf6 2. Nf3 e6 3. e3 c5 4. Bd3 b6 5. O-O Bb7 6. Nbd2 Be7 7. c3 O-O 8. Qe2
Nc6 9. a3 d5 10. Ne5 Nxe5 11. dxe5 Ne4 12. f3 Nxd2 13. Bxd2 f5 14. exf6 Bxf6
15. Rad1 Qc7 16. e4 Rad8 17. f4 c4 18. Bb1 { } 18... d4 19. cxd4 Bxd4+ 20. Kh1
b5 21. Bc3 Bxc3 22. Rxd8 Rxd8 23. bxc3 Rf8 24. e5 Bd5 25. f5 exf5 26. Rxf5 Rxf5
27. Bxf5 Qf7 28. Bc2 g6 29. h3 Qe7 30. a4 Qd7 31. Be4 bxa4 32. Bxd5+ Qxd5 33.
e6 Qc6 34. Qe5 Qe8 35. Qd5 Qe7 36. Qxc4 a3 37. Qd5 g5 38. g4 1/2-1/2

[Event "Graz op A"]
[Site "Graz"]
[Date "2001.09.06"]
[Round "6.12"]
[White "Zoister, Stefan"]
[Black "Pesorda, Ivan"]
[Result "1-0"]
[WhiteElo "2147"]
[BlackElo "2248"]
[PlyCount "65"]


1. e4 c5 2. Nf3 e6 3. d4 cxd4 4. Nxd4 Nf6 5. Nc3 d6 6. f3 Nc6 7. Be3 Be7 8. Qd2
O-O 9. g4 d5 10. g5 Nd7 11. exd5 Nxd4 12. Qxd4 Bxg5 13. O-O-O Qf6 14. Bxg5
Qxg5+ 15. Kb1 exd5 16. Nxd5 Qe5 17. f4 Qxd4 18. Rxd4 Nc5 19. Bg2 Rb8 20. Ne7+
Kh8 21. Nxc8 Rfxc8 22. b4 Ne6 23. Rd7 Rc4 24. a3 a5 25. f5 Nf4 26. Bxb7 axb4
27. a4 Rc5 28. Rhd1 g5 29. Rxf7 Ne2 30. Rdd7 Nc3+ 31. Kb2 Nxa4+ 32. Kb3 32...
Rxf5 { } 33. Rxf5 1-0

[Event "Graz op A"]
[Site "Graz"]
[Date "2001.09.06"]
[Round "6.13"]
[White "Havlicek, Josef"]
[Black "Zimmermann, Paul"]
[Result "1-0"]
[WhiteElo "2144"]
[BlackElo "2241"]
[PlyCount "37"]


1. d4 Nf6 2. c4 g6 3. Nc3 d5 4. cxd5 Nxd5 5. e4 Nxc3 6. bxc3 Bg7 7. Bc4 c5 8.
Ne2 Nc6 9. Be3 cxd4 10. cxd4 O-O 11. Rc1 Na5 12. Bd3 a6 13. O-O b5 14. Bf4 Ra7
15. Qd2 e5 16. Bg5 Qb6 17. d5 17... Rd7 { } 18. Be3 Qd8 19. Rxc8 1-0

[Event "Graz op A"]
[Site "Graz"]
[Date "2001.09.06"]
[Round "6.14"]
[White "Hoellrigl, Wilfried"]
[Black "Vodep, Otto"]
[Result "1-0"]
[WhiteElo "2196"]
[BlackElo "2121"]
[PlyCount "87"]


1. e4 d6 2. d4 Nf6 3. Nc3 g6 4. Nf3 Bg7 5. h3 a6 6. a4 b6 7. Bc4 Bb7 8. Qe2 O-O
9. O-O e6 10. e5 Nfd7 11. Bg5 Qe8 12. exd6 cxd6 13. Rfe1 Nf6 14. Rad1 Nbd7 15.
Qe3 Qc8 16. Bb3 Bxf3 17. Qxf3 d5 18. Qf4 Qb8 19. Qh4 b5 20. axb5 axb5 21. f3
Qb6 22. Ne2 Rfc8 23. Kh1 Ne8 24. Nf4 Nd6 25. Ne2 Nc4 26. Bc1 Na5 27. Bh6 Nxb3
28. Bxg7 Kxg7 29. cxb3 Rc2 30. Qe7 Nf6 31. Nf4 Ng8 32. Rxe6 32... Qb8 { } 33.
Rxg6+ hxg6 34. Ne6+ Kh7 35. Qxf7+ Kh6 36. Qg7+ Kh5 37. g4+ Kh4 38. Qh7+ Kg3 39.
Rg1+ Kf2 40. Rg2+ Ke3 41. Rxc2 Ra1+ 42. Kg2 Rg1+ 43. Kxg1 Qg3+ 44. Rg2 1-0

[Event "Graz op A"]
[Site "Graz"]
[Date "2001.09.06"]
[Round "6.15"]
[White "Rogulj, Branko"]
[Black "Halser, Walter"]
[Result "1-0"]
[WhiteElo "2460"]
[BlackElo "2119"]
[PlyCount "71"]


1. e4 e5 2. Nf3 Nc6 3. Bb5 f5 4. Qe2 fxe4 5. Qxe4 Nf6 6. Qe2 e4 7. d3 Qe7 8.
dxe4 Qxe4 9. Be3 Bb4+ 10. c3 Ba5 11. Nbd2 Qe7 12. O-O O-O 13. Rfe1 d5 14. Qd3
Qd6 15. Rad1 Bg4 16. h3 16... Bh5 { } 17. Nc4 dxc4 18. Qxc4+ Bf7 19. Rxd6 Bxc4
20. Bxc4+ Kh8 21. Rdd1 h6 22. Bb5 Bb6 23. Bxc6 bxc6 24. Ne5 Rfe8 25. Nxc6 Ne4
26. a4 Nd6 27. b3 Ne4 28. a5 Bxe3 29. Rxe3 Nf6 30. Rxe8+ Rxe8 31. Nxa7 Ra8 32.
Nc6 Ra6 33. Ra1 Rxc6 34. a6 Nd5 35. a7 Nb6 36. Ra6 1-0

[Event "Graz op A"]
[Site "Graz"]
[Date "2001.09.06"]
[Round "6.16"]
[White "Holzbauer, Johann"]
[Black "Kupreichik, Viktor D"]
[Result "1/2-1/2"]
[WhiteElo "2152"]
[BlackElo "2443"]
[PlyCount "33"]


1. c3 e5 2. d4 e4 3. Bf4 d5 4. e3 Bd6 5. Bxd6 Qxd6 6. Qa4+ c6 7. Qa3 Qf6 8. c4
Ne7 9. Nc3 O-O 10. Nge2 Be6 11. Ng3 g6 12. h4 12... Nd7 { } 13. Ncxe4 dxe4 14.
Nxe4 Qf5 15. Ng3 Qf6 16. Ne4 Qf5 17. Ng3 1/2-1/2

[Event "Graz op A"]
[Site "Graz"]
[Date "2001.09.06"]
[Round "6.18"]
[White "Bachmayer, Josef"]
[Black "Wittmann, Walter"]
[Result "0-1"]
[WhiteElo "2170"]
[BlackElo "2352"]
[PlyCount "90"]


1. d4 Nf6 2. Nc3 d5 3. Bg5 Nbd7 4. f3 h6 5. Bh4 c5 6. e4 cxd4 7. Bxf6 gxf6 8.
Qxd4 dxe4 9. O-O-O a6 10. Bc4 Bg7 11. Nge2 Qa5 12. fxe4 e6 13. Qd6 Qe5 14. Bb3
Qxd6 15. Rxd6 Bf8 16. Rdd1 b5 17. Rhf1 Be7 18. Nd4 Rg8 19. g3 Ne5 20. Nf3 Nd7
21. Nd2 Bb7 22. Rde1 Rc8 23. Kb1 Nc5 24. Rf4 Bc6 25. a3 Rg6 26. Ba2 Bd6 27.
Rff1 Be5 28. Nb3 { } 28... Bxc3 29. Nxc5 Bxe1 30. Rxe1 a5 31. b4 Rg5 32. Kb2
axb4 33. axb4 Re5 34. Rf1 Ke7 35. Rf4 Rd8 36. Kc3 Rd1 37. Rh4 h5 38. Nd3 Rxe4
39. Rxh5 Re2 40. Bb3 f5 41. Kd4 Be4 42. h3 Bxd3 43. cxd3 Rb1 44. Kc3 Rc1+ 45.
Kd4 Rb2 0-1

[Event "Graz op A"]
[Site "Graz"]
[Date "2001.09.06"]
[Round "6.20"]
[White "Winiwarter, Felix"]
[Black "Karner, Christoph"]
[Result "0-1"]
[WhiteElo "2141"]
[BlackElo "2240"]
[PlyCount "87"]


1. e4 c5 2. Nf3 d6 3. d4 cxd4 4. Nxd4 Nf6 5. Nc3 a6 6. Be2 e5 7. Nb3 Be7 8. O-O
O-O 9. f4 b5 10. a3 Bb7 11. Bf3 Nbd7 12. Qe2 Re8 13. Kh1 Rc8 14. Bd2 exf4 15.
Bxf4 Bf8 16. Qd2 Ne5 17. Bxe5 Rxe5 18. Rae1 Qc7 19. Re2 Rce8 20. Qd3 Nd7 21.
Rfe1 Qb8 22. Nd5 R5e6 23. Nd2 Ne5 24. Qb3 Qc8 25. Nf4 Rh6 26. Nf1 { } 26... g5
27. Nd3 g4 28. Nxe5 dxe5 29. Rf2 gxf3 30. Rxf3 Qe6 31. Qe3 Rg6 32. Ng3 Bh6 33.
Qf2 Rd8 34. Nf5 Bg5 35. Qg3 Rd2 36. Qg4 Bf4 37. Qh5 Rgxg2 38. Rg1 Rxg1+ 39.
Kxg1 Qg6+ 40. Rg3 Bxg3 41. Ne7+ Kg7 42. Nxg6 hxg6 43. Qg5 Bxh2+ 44. Kh1 0-1

[Event "Graz op A"]
[Site "Graz"]
[Date "2001.09.06"]
[Round "6.21"]
[White "Hansen, Kay"]
[Black "Bozinovic, Boban"]
[Result "1-0"]
[WhiteElo "2236"]
[BlackElo "2099"]
[PlyCount "57"]


1. d4 g6 2. e4 Bg7 3. Be3 d6 4. f3 c5 5. c3 cxd4 6. cxd4 Nc6 7. Qd2 Nf6 8. Nc3
O-O 9. Bd3 Bd7 10. Nge2 Rc8 11. Rc1 Qa5 12. O-O a6 13. a3 b5 14. b4 Qd8 15.
Rfd1 e6 16. Kh1 d5 17. e5 Ne8 18. Na2 f6 19. f4 f5 20. Ng1 Rf7 21. Nf3 h6 22.
Rg1 Bf8 23. g4 Kh7 24. Qg2 Rg7 25. Qh3 Rg8 26. Rg3 Ne7 27. Ng5+ 27... Kg7 { }
28. Qxh6+ Kxh6 29. Rh3+ 1-0

[Event "Graz op A"]
[Site "Graz"]
[Date "2001.09.06"]
[Round "6.22"]
[White "Jahrer, Michael"]
[Black "Wegerer, Fred"]
[Result "0-1"]
[WhiteElo "2113"]
[BlackElo "2230"]
[PlyCount "98"]


1. d4 Nf6 2. c4 e6 3. Nc3 d5 4. Bg5 Nbd7 5. e3 Bb4 6. Nf3 c5 7. cxd5 exd5 8.
Nd2 Qa5 9. Qc2 O-O 10. Nb3 Qa4 11. Rc1 Ne4 12. Be7 Re8 13. Bxc5 Ndxc5 14. dxc5
Bd7 15. Bd3 Rac8 16. O-O Bxc3 17. bxc3 g6 18. c4 Nxc5 19. Nxc5 Rxc5 20. Qxa4
Bxa4 21. cxd5 Rxd5 22. Rc3 b5 23. a3 a5 24. Rb1 Red8 25. Be2 Rd2 26. Kf1 Ra2
27. Bd3 Kg7 28. g3 b4 29. axb4 { } 29... Rxd3 30. Rxd3 Bb5 31. Rbd1 Ra3 32. Ke2
axb4 33. e4 b3 34. Kd2 Ra2+ 35. Kc3 Bxd3 36. Rxd3 Rxf2 37. Kxb3 Rxh2 38. Kc3
Kf6 39. Kd4 Re2 40. Rf3+ Ke6 41. e5 Rxe5 42. Rxf7 Rd5+ 43. Ke4 Kxf7 44. Kxd5
Kf6 45. Ke4 Kg5 46. Kf3 h5 47. Kg2 Kg4 48. Kf2 Kh3 49. Kf3 g5 0-1

[Event "Graz op A"]
[Site "Graz"]
[Date "2001.09.06"]
[Round "6.23"]
[White "Wagner, Stephan"]
[Black "Krebs, Johann"]
[Result "0-1"]
[WhiteElo "2100"]
[BlackElo "2208"]
[PlyCount "66"]


1. c4 c5 2. Nc3 Nc6 3. g3 g6 4. Bg2 Bg7 5. e4 e6 6. Nge2 Nge7 7. O-O a6 8. d3
Qa5 9. Bd2 Qc7 10. f4 Nd4 11. g4 f5 12. Ng3 O-O 13. Rb1 Rb8 14. Kh1 b5 15. b3
Bb7 16. Nce2 d6 17. Nxd4 Bxd4 18. Qe2 Rbe8 19. Rbe1 b4 20. gxf5 exf5 21. Qd1
Qd7 22. h3 Bf6 23. Kh2 Bh4 24. Re3 Kh8 25. Bc1 Bf6 26. Qe2 Nc6 27. exf5 { }
27... Nd4 28. Qg4 Bxg2 29. Kxg2 gxf5 30. Qh5 Rg8 31. Rfe1 Rxe3 32. Rxe3 Nc2 33.
Re2 Qg7 0-1

[Event "Graz op A"]
[Site "Graz"]
[Date "2001.09.06"]
[Round "6.24"]
[White "Peisser, Manfred"]
[Black "Perhinig, Robert"]
[Result "1/2-1/2"]
[WhiteElo "2113"]
[BlackElo "2191"]
[PlyCount "98"]


1. d4 d5 2. Nf3 c6 3. e3 g6 4. c4 Bg7 5. cxd5 cxd5 6. Nc3 Nf6 7. Bd3 O-O 8. O-O
Nc6 9. Bd2 Re8 10. a3 e5 11. dxe5 Ng4 12. Ne2 Ncxe5 13. Nxe5 Bxe5 14. h3 { }
14... Nh2 15. f4 Nxf1 16. Kxf1 Bxb2 17. Ra2 Bg7 18. Qb3 Rb8 19. Nd4 Bxd4 20.
exd4 Bf5 21. Be2 Qb6 22. Qxb6 axb6 23. g4 Bd7 24. Bd3 Ra8 25. Kf2 Ra4 26. Bb4
Rea8 27. Re2 Rxa3 28. Bxa3 Rxa3 29. Rd2 b5 30. Ke2 Ra1 31. Rd1 Rxd1 32. Kxd1 h5
33. gxh5 gxh5 34. h4 Kg7 35. Kc2 Kf6 36. Kc3 Bg4 37. Kb4 Bf3 38. Kxb5 Be4 39.
Be2 Kf5 40. Bxh5 f6 41. Bf7 Kxf4 42. Kc5 f5 43. Bxd5 b6+ 44. Kc4 b5+ 45. Kc5 b4
46. Bf7 Kg4 47. Kxb4 Kxh4 48. Bg6 Kg5 49. Bxf5 Kxf5 1/2-1/2

[Event "Graz op A"]
[Site "Graz"]
[Date "2001.09.06"]
[Round "6.25"]
[White "Sulyok, Michael"]
[Black "Ferrari, Josef"]
[Result "1/2-1/2"]
[WhiteElo "2278"]
[BlackElo "2141"]
[PlyCount "95"]


1. c4 e6 2. g3 d5 3. Bg2 c5 4. Nf3 Nc6 5. b3 Nf6 6. Bb2 Be7 7. O-O O-O 8. e3 b6
9. Qe2 Bb7 10. Nc3 d4 11. exd4 Nxd4 12. Nxd4 Bxg2 13. Kxg2 Qxd4 14. d3 Qd7 15.
Rfd1 Qc6+ 16. Qf3 Qxf3+ 17. Kxf3 Rfd8 18. Ne2 Rd7 19. h3 Rad8 20. Ke3 Ne8 21.
Rd2 Nc7 22. Rad1 Na6 23. Bc3 Nb8 24. d4 cxd4+ 25. Nxd4 e5 26. Ne2 Bc5+ 27. Ke4
Bxf2 28. Rxd7 Rxd7 29. Rxd7 Nxd7 30. Bxe5 Nxe5 31. Kxe5 a5 32. Kd5 h5 33. a3 g5
34. b4 axb4 35. axb4 Kg7 36. g4 Kg6 37. Ke4 hxg4 38. hxg4 Kf6 39. Nd4 Ke7 40.
Nf3 f6 41. Kd5 41... f5 { } 42. Nxg5 fxg4 43. Ne4 Be1 44. c5 b5 45. c6 Bxb4 46.
c7 Kd7 47. c8=Q+ Kxc8 48. Kc6 1/2-1/2

[Event "Graz op A"]
[Site "Graz"]
[Date "2001.09.06"]
[Round "6.28"]
[White "Huber, Adolf"]
[Black "Thieme, Steffen"]
[Result "1-0"]
[WhiteElo "2050"]
[BlackElo "2165"]
[PlyCount "71"]


1. e4 e6 2. d4 d5 3. Nc3 Nc6 4. Nf3 Nf6 5. Bg5 Be7 6. Bxf6 Bxf6 7. e5 Be7 8.
Qd2 a6 9. a3 b6 10. b4 Bb7 11. Bd3 Qd7 12. O-O f6 13. Rfe1 f5 14. Ne2 Nd8 15.
Nf4 Nf7 16. Bxf5 Ng5 17. Bg4 O-O 18. Nh5 Nxf3+ 19. Bxf3 g6 20. Ng3 c5 21. c3 a5
22. Ne2 axb4 23. axb4 cxb4 24. cxb4 Ra4 25. Rxa4 Qxa4 26. Rb1 Rc8 27. Bg4 Rc2
28. Qd1 28... Qc6 { } 29. Bxe6+ Kg7 30. Nf4 Qc3 31. Bxd5 Rd2 32. Qe1 Bxd5 33.
Nxd5 Qxd4 34. Nxe7 Qd3 35. Nc6 Re2 36. Qf1 1-0